Pasantía en Colegio Coronel Francisco Linares Apopa, San Salvador (Registro nro. 36355)
[ vista simple ]
| 000 -CABECERA | |
|---|---|
| Longitud fija campo de control | 00866nam a22001937a 4500 |
| 003 - IDENTIFICADOR DELl NÚMERO DE CONTROL | |
| Identificador del número de control | OSt |
| 005 - FECHA Y HORA DE LA ÚLTIMA TRANSACCIÓN | |
| Fecha y hora de la última transacción | 20260115162950.0 |
| 008 - CÓDIGOS DE INFORMACIÓN DE LONGITUD FIJA | |
| Códigos de información de longitud fija | 260115b ||||| |||| 00| 0 eng d |
| 040 ## - FUENTE DE LA CATALOGACIÓN | |
| Centro transcriptor | BCRI |
| 082 ## - NÚMERO DE LA CLASIFICACIÓN DECIMAL DEWEY | |
| Númeroo de clasificación | 510.07 |
| 100 ## - PUNTO DE ACCESO PRINCIPAL-NOMBRE DE PERSONA | |
| 9 (RLIN) | 49984 |
| Nombre de persona | Jiménez Soto, Carlos Roberto |
| 245 ## - MENCIÓN DE TÍTULO | |
| Título | Pasantía en Colegio Coronel Francisco Linares Apopa, San Salvador |
| Resto del título | : informe final |
| Mención de responsabilidad, etc. | Carlos Roberto Jiménez Soto |
| 260 ## - PUBLICACIÓN, DISTRIBUCIÓN, ETC. (PIE DE IMPRENTA) | |
| Lugar de publicación, distribución, etc. | Ilobasco, Cabañas |
| Nombre del editor, distribuidor, etc. | Universidad Católica de El Salvador |
| Fecha de publicación, distribución, etc. | 2025 |
| 300 ## - DESCRIPCIÓN FÍSICA | |
| Extensión | 29 h. |
| Dimensiones | 27 cm. |
| Material anejo | Versión digital en USB |
| 502 ## - NOTA DE TESIS | |
| Nota de tesis | Trabajo de graduación para optar al grado académico de Licenciado en Ciencias de la Educación con especialidad en Matemáticas |
| 650 #0 - PUNTO DE ACCESO ADICIONAL DE MATERIA - TÉRMINO DE MATERIA | |
| 9 (RLIN) | 2236 |
| Término de materia o nombre geográfico como elemento inicial | Matemáticas |
| Subdivisión de materia general | Enseñanza |
| 710 ## - PUNTO DE ACCESO ADICIONAL - NOMBRE DE ENTIDAD | |
| 9 (RLIN) | 40915 |
| Nombre de entidad o nombre de jurisdicción como elemento inicial | Universidad Católica de El Salvador |
| Unidad subordinada | Centro Regional de Ilobasco |
| -- | Facultad Multidisciplinaria |
| 942 ## - ENTRADA DE ELEMENTOS AGREGADOS (KOHA) | |
| Fuente de clasificaión o esquema | Dewey Decimal Classification |
| Koha [por defecto] tipo de item | 4- Trabajo de Graduación |
| Parte de clasificación | prozim |
| Suprimido | Perdido | Fuente de clasificación o esquema | Estropeado | Restricciones de uso | No para préstamo | Código de colección | Localización permanente | Localización actual | Localización en estanter&íacute;as | Fecha adquisición | Fuente de adquisición | Número de inventario | Préstamos totales | Signatura completa | Código de barras | Fecha última consulta | Fecha del precio de reemplazo | Tipo de item de Koha |
|---|---|---|---|---|---|---|---|---|---|---|---|---|---|---|---|---|---|---|
| NULL | NULL | Dewey Decimal Classification | NULL | Prestable | NULL | NULL | Biblioteca Centro Regional de Ilobasco | Biblioteca Centro Regional de Ilobasco | Sala Principal | 07/10/2025 | Donación | 000355 | P-000355 | 1053795 | 15/01/2026 | 15/01/2026 | 4- Trabajo de Graduación |